Language Quiz

Random Language or Letter Quiz

'AY' Vocabulary Quiz Stats

 Plays Quiz not verified by Sporcle

Support Sporcle.
Go Orange.
Score 0/10 Timer 03:00
0 Plays Today
% Correct
ayatollah
87.5%
aye
82.4%
ayahuasca
81.6%
ayuntamiento
81.6%
ayurvedic
78.7%
ay
75.7%
aye-aye
75.7%
ayah
72.1%
ayre
72.1%
ayin
62.5%

You're not logged in!

Compare scores with friends on all Sporcle quizzes.
OR
Log In

From the Vault

Odd One Out: Rock Bands

by OneoftheBhoys

Every member of a rock band is odd, especially the drummer. Never trust a drummer.
Remove Ads.
Support Sporcle.
Get the best of Sporcle when you Go Orange. This ad-free experience offers more features, more stats, and more fun while also helping to support Sporcle. Thank you for becoming a member.

Show Comments

Extras

Top Quizzes Today


Score Distribution

Your Account Isn't Verified!

In order to create a playlist on Sporcle, you need to verify the email address you used during registration. Go to your Sporcle Settings to finish the process.

Report this User

Report this user for behavior that violates our Community Guidelines.

Details: